书目信息 |
| 题名: |
嵌入式系统设计实验教程
|
|
| 作者: | 马洪连 主编 ;丁男 , 张益嘉 , 宋嘉琳 编 | |
| 分册: | ||
| 出版信息: | 大连 大连理工大学出版社 2007.06 |
|
| 页数: | 241页 | |
| 开本: | 26cm | |
| 丛书名: | ||
| 单 册: | ||
| 中图分类: | TP311.1 | |
| 科图分类: | ||
| 主题词: | 程序设计--cheng xu she ji--高等学校--教材 | |
| 电子资源: | ||
| ISBN: | 978-7-5611-3568-6 | |
| 000 | 01259nam0 2200313 450 | |
| 001 | 012010372163 | |
| 005 | 20100104081202.67 | |
| 010 | @a978-7-5611-3568-6@dCNY24.80 | |
| 100 | @a20100103d2007 em y0chi0120 ea | |
| 101 | 0 | @achi |
| 102 | @aCN@b210000 | |
| 105 | @aa a 000yy | |
| 106 | @ar | |
| 200 | 1 | @a嵌入式系统设计实验教程@Aqian ru shi xi tong she ji shi yan jiao cheng@d= Embedded system design experiment@f马洪连主编@Fma hong lian zhu bian@g丁男 ... [等] 编者@Gding nan...[deng]bian zhe@zeng |
| 210 | @a大连@c大连理工大学出版社@d2007.06 | |
| 215 | @a241页@c图@d26cm | |
| 300 | @a高等学校理工科电子信息类规划教材 | |
| 304 | @a题名页题 : 编者丁男, 张益嘉, 宋嘉琳, 许侃 | |
| 320 | @a有书目 | |
| 330 | @a本书针对嵌入式课程中的实验环节,从实用的角度出发,分别为嵌入式接口、实时操作系统uCOS-II和嵌入式Linux操作系统等理论课程提供相应的配套实验,同时附有部分原理图和实验代码。 | |
| 510 | 1 | @aEmbedded system design experiment@zeng |
| 606 | 0 | @a程序设计@Acheng xu she ji@x高等学校@j教材 |
| 690 | @aTP311.1@v4 | |
| 701 | 0 | @a马洪连@Ama hong lian@4主编 |
| 702 | 0 | @a丁男@Ading nan@4编 |
| 702 | 0 | @a张益嘉@Azhang yi jia@4编 |
| 702 | 0 | @a宋嘉琳@Asong jia lin@4编 |
| 801 | 0 | @aCN@bQSSK@c20100104 |
| 905 | @b769903-07@dTP311.1@eM064@f5 | |
| 嵌入式系统设计实验教程= Embedded system design experiment/马洪连主编/丁男 ... [等] 编者.-大连:大连理工大学出版社,2007.06 |
| 241页:图;26cm |
| 高等学校理工科电子信息类规划教材 |
| ISBN 978-7-5611-3568-6:CNY24.80 |
| 本书针对嵌入式课程中的实验环节,从实用的角度出发,分别为嵌入式接口、实时操作系统uCOS-II和嵌入式Linux操作系统等理论课程提供相应的配套实验,同时附有部分原理图和实验代码。 |
| ● |
| 相关链接 |
|
|
|
正题名:嵌入式系统设计实验教程
索取号:TP311.1/M064
 
预约/预借
| 序号 | 登录号 | 条形码 | 馆藏地/架位号 | 状态 | 备注 |
| 1 | 769903 | 207699034 | 自科二线404/404自科库 13排4列1层/ [索取号:TP311.1/M064] | 在馆 | |
| 2 | 769904 | 207699043 | 自科库301/301自科库 47排4列3层/ [索取号:TP311.1/M064] | 在馆 | |
| 3 | 769905 | 207699052 | 自科二线504/504自科库 2排1列2层/ [索取号:TP311.1/M064] | 在馆 | |
| 4 | 769906 | 207699061 | 自科二线504/504自科库 2排1列2层/ [索取号:TP311.1/M064] | 在馆 | |
| 5 | 769907 | 207699070 | 自科库301/301自科库 47排4列3层/ [索取号:TP311.1/M064] | 在馆 |